| 000 | 00673nam a2200241Ia 4500 | ||
|---|---|---|---|
| 003 | OSt | ||
| 005 | 20220928110410.0 | ||
| 006 | a|||||r|||| 00| 0 | ||
| 007 | ta | ||
| 008 | 220927b |||||||| |||| 00| 0 eng d | ||
| 024 | _a28057 | ||
| 037 | _cTextual | ||
| 040 |
_aSDCL _cSDCL _beng |
||
| 041 |
_2eng _aeng |
||
| 082 | _aO15,2D70,3, L1 | ||
| 100 | _aBhavabhuti | ||
| 245 | 0 | _aMaalti Madhava. | |
| 260 |
_aVaranasi _bChowkhamba Sanskrit Series Office _c1971 |
||
| 300 |
_a475p _ccm. |
||
| 700 |
_a Shastri Sheshraj Sharma Cm. _9419374 |
||
| 942 |
_hO15,2D70,3, L1 _cTEXL _2CC |
||
| 999 |
_c735431 _d735431 |
||